| 000 | 01150nam a2200265 a 4500 | ||
|---|---|---|---|
| 003 | OSt | ||
| 005 | 20240817002658.0 | ||
| 007 | cr ||||||a|c|a | ||
| 008 | 240315s2023 mx a|||fom||| 001 0 spa d | ||
| 040 | _erda | ||
| 100 | 1 |
_9188897 _aZaragoza Espiridión, Carlos Antonio |
|
| 245 | 1 | 0 |
_aEtiología de la pudrición de la corona de la fresa (Fragaria x ananassa Duch.) / _cCarlos Antonio Zaragoza Espiridión; director de tesis Santos Gerardo Leyva Mir |
| 264 | 1 |
_aChapingo, México : _bEl autor, _c2023. |
|
| 300 |
_a1 recurso en línea (65 páginas): _bfiguras. |
||
| 336 |
_2rdacontent _atexto _btxt |
||
| 337 |
_2rdamedia _acomputadora _bc |
||
| 338 |
_2rdacarrier _arecurso en línea _bcr |
||
| 502 |
_bIAEPA _cParasitología _d2023. _gLIC |
||
| 504 | _aIncluye referencias bibliográficas: páginas 35-37 | ||
| 650 | 4 |
_9174728 _aMoho gris de la fresa |
|
| 650 | 4 |
_943203 _aFresa _xEnfermedades por hongos |
|
| 700 | 1 |
_aLeyva Mir, Santos Gerardo _eDirector de tesis. _966581 |
|
| 856 |
_uhttp://10.13.5.2/tesis/tl/1812760-9_ZARAGOZA_ESPIRIDION_CARLOSANTONIO.pdf _zDESCARGAR PDF |
||
| 942 |
_2Clasificación Universidad Autónoma Chapingo _cTD |
||
| 999 |
_c219810 _d219810 |
||